| 000 | 01119nas a2200337 4500 | ||
|---|---|---|---|
| 001 | BR0500658 | ||
| 003 | BR-BrBNA | ||
| 005 | 20231205105201.0 | ||
| 007 | ta | ||
| 008 | 230509b bl.|||p| |||| 00| 00por d | ||
| 040 |
_aBR-BrBNA _bpor _cBiblioteca Nacional de Agricultura |
||
| 041 | _a(En) | ||
| 072 | _aQ04 | ||
| 100 | 1 | _aMafra, S.G. | |
| 100 | 1 | _aZapata, J.F.F. | |
| 100 | 1 | _aCarvalho, A.F.U. | |
| 100 | 1 | _aCastelar, L.I.M. | |
| 100 | 1 | _aVasconcelos, I.M. | |
| 245 | 1 | _aLipid composition and effects of consumption of meat from different ruminants on the blood lipid profile of rats fed diets containing meat as the sole source of protein | |
| 650 | _aCARNE | ||
| 650 | _aCABRA | ||
| 650 | _aOVELHA | ||
| 650 | _aLIPÍDIO | ||
| 650 | _aEXPERIÊNCIA DE LABORATÓRIO | ||
| 650 | _aANIMAL DE LABORATÓRIO | ||
| 650 | _aRATO BRANCO | ||
| 650 | _aCOMPOSIÇÃO QUÍMICA | ||
| 773 | 0 |
_tBoletim da Sociedade Brasileira de Ciência e Tecnologia de Alimentos (Brazil) _xISSN 0101-3637 _g(Dec 2003), v. 37(supl) p. 11-15 _wBR0500658 |
|
| 909 |
_a202311 _bLúcia _c55 _dLúcia Elande |
||
| 942 |
_2AGRIS _n0 _cANA |
||
| 999 |
_c181648 _d181648 |
||